[Event "Reykjavik op"]
[Site "Reykjavik"]
[Date "2016.03.08"]
[Round "1"]
[White "Bjorgvinsson, Andri Freyr"]
[Black "Thorfinnsson, Bragi"]
[Result "0-1"]
[WhiteElo "1937"]
[BlackElo "2419"]
[PlyCount "88"]
[EventDate "2016.03.08"]
[EventType "swiss"]
[EventRounds "10"]
[EventCountry "ISL"]
[SourceTitle "CBM 171 Extra"]
[Source "ChessBase"]
[SourceDate "2016.04.26"]
[SourceVersion "1"]
[SourceVersionDate "2016.04.26"]
[SourceQuality "1"]

1. c4 e5 2. g3 Nc6 3. Nc3 f5 4. Bg2 Nf6 5. d3 Bb4 6. Bd2 0-0 7. Nf3 d6 8. a3 Bxc3 9. Bxc3 Qe8 10. b4 f4 11. Qc2 a5 12. b5 Nd8 13. 0-0-0 c6 14. gxf4 exf4 15. Nd4 a4 16. h4 Bd7 17. Bh3 Bxh3 18. Rxh3 Qd7 19. Rh2 d5 20. Rg2 c5 21. Nf3 d4 22. Bd2 Ne6 23. e4 fxe3 24. fxe3 Ne4 25. Ne5 Qd6 26. Ng4 Nxd2 27. Qxd2 dxe3 28. Nxe3 Nf4 29. Rg5 Qd4 30. Nc2 Qf6 31. Rdg1 Rf7 32. R1g3 Re8 33. Re3 Rxe3 34. Qxe3 Re7 35. Rf5 Ne2+ 36. Kb1 Rxe3 37. Rxf6 Rxd3 38. Rf2 Rb3+ 39. Ka1 Nc3 40. Rf1 g6 41. Ne3 Rxa3+ 42. Kb2 Rb3+ 43. Kc2 Nxb5 44. Nd5 Na3+ 0-1

[Event "Reykjavik op"]
[Site "Reykjavik"]
[Date "2012.03.11"]
[Round "6"]
[White "Sjol, Henrik"]
[Black "Bjorgvinsson, Andri Freyr"]
[Result "0-1"]
[WhiteElo "1892"]
[BlackElo "1544"]
[PlyCount "105"]
[EventDate "2012.03.06"]
[EventType "swiss"]
[EventRounds "9"]
[EventCountry "ISL"]
[SourceTitle "CBM 147 Extra"]
[Source "ChessBase"]
[SourceDate "2012.04.24"]
[SourceVersion "1"]
[SourceVersionDate "2012.04.24"]
[SourceQuality "1"]

1. d4 d5 2. Nf3 Nf6 3. e3 Bf5 4. c4 c6 5. Nc3 e6 6. Nh4 Bg6 7. Nxg6 hxg6 8. Bd3 Qc7 9. h3 Nbd7 10. Bd2 Be7 11. Rc1 a6 12. Qe2 0-0 13. g4 dxc4 14. Bxc4 c5 15. dxc5 Nxc5 16. b4 Qc6 17. 0-0 Nce4 18. Nxe4 Nxe4 19. Bd3 Qd5 20. Bxe4 Qxe4 21. Rc4 Qd5 22. Rfc1 Rfd8 23. Be1 b5 24. R4c2 Qe4 25. f3 Qd5 26. e4 Qd6 27. Rd2 Qf4 28. Rxd8+ Rxd8 29. Rd1 Rd6 30. Bf2 Rxd1+ 31. Qxd1 Bxb4 32. Qd8+ Kh7 33. Qh4+ Qh6 34. Qg3 Bd2 35. Qg2 Be3 36. Bxe3 Qxe3+ 37. Kh2 a5 38. h4 b4 39. Kg3 a4 40. Qc2 b3 41. axb3 axb3 42. Qb1 Qc3 43. h5 Qc2 44. hxg6+ Kxg6 45. Qh1 Qc7+ 46. Kg2 Qf4 47. Qh5+ Kf6 48. Qa5 Qc1 49. Qd8+ Kg6 50. Qh4 b2 51. e5 Qd2+ 52. Kh3 Qh6 53. Qxh6+ 0-1

[Event "Akureyri-ch U14"]
[Site "Akureyri"]
[Date "2009.04.30"]
[Round "2"]
[White "Bjorgvinsson, Andri Freyr"]
[Black "Steingrimsson, Brynjar"]
[Result "0-1"]
[WhiteElo "1345"]
[BlackElo "1160"]
[PlyCount "68"]
[EventDate "2009.04.30"]
[EventType "swiss"]
[EventRounds "4"]
[EventCountry "ISL"]
[SourceTitle "EXT 2010"]
[Source "ChessBase"]
[SourceDate "2010.11.25"]
[SourceVersion "1"]
[SourceVersionDate "2010.11.25"]
[SourceQuality "1"]

1. c4 e5 2. Nc3 g6 3. g3 Bg7 4. Bg2 Nf6 5. d3 0-0 6. Nf3 d5 7. cxd5 Nxd5 8. Bd2 Re8 9. Qc1 e4 10. dxe4 Nxc3 11. Bxc3 Bxc3+ 12. Qxc3 b6 13. Rd1 Qe7 14. e5 Bb7 15. Qe3 Nd7 16. Qd4 Rad8 17. Qc4 Bxf3 18. Bxf3 Nxe5 19. Qc3 Nxf3+ 20. Qxf3 Qb4+ 21. Qc3 Rxd1+ 22. Kxd1 Qe4 23. Qe1 Qb1+ 24. Kd2 Qxb2+ 25. Kd3 Qa3+ 26. Qc3 Rd8+ 27. Kc2 Qxa2+ 28. Kc1 Qxe2 29. Qxc7 Qd2+ 30. Kb1 Qb4+ 31. Kc1 Rd2 32. Qe5 Rxf2 33. Re1 Qd2+ 34. Kb1 Qa2+ 0-1